000 00271nam a2200109Ia 4500
008 190913s9999||||xx |||||||||||||| ||und||
100 _a Ellen Gravina
245 0 _aIntroduction to Oracle:SQL and PL/SQL
260 _aUSA
_b McGraw Hill
_c1991
300 _a358
942 _cBK
999 _c8105
_d8105